000 00801nam a2200265u 4500
001 3012
003 BD-RjUL
005 20211208233646.0
008 131217s1963 pk k 000 0 eng
035 _a(BD-RjUL)3046
040 _aDLC
_cCarP
_dDLC
_beng
041 _aeng
082 _a344.549201
_bSHE 1963
100 _aShafi, M.
_99576
245 0 0 _aEast Pakistan factory manual /
_cby M. Shafi ; East Pakistan.
260 _aKarachi :
_bBureau of Labour Publications,
_c1963.
300 _a177 p. :
_bill. ;
_c20 cm.
526 _bSociology
650 0 _aLabor laws and legislation
_zBangladesh.
_99594
650 0 _aFactory laws and legislation
_zBangladesh.
_99595
710 _aEast Pakistan.
_9111902
942 _2ddc
_cBK
999 _c3012
_d3012